|
|
|
|
| LEADER |
00615 a2200193 4500 |
| 008 |
150103s9999 000 0 eng |
| 020 |
|
|
|a 0070707340
|
| 082 |
0 |
0 |
|a 792
|
| 100 |
1 |
|
|a Wilson, Edwin.
|
| 245 |
1 |
0 |
|a Theater :the lively art /
|
| 260 |
|
|
|a New York :
|b McGraw-Hill,
|c c1991.
|
| 300 |
|
|
|a xviii, 489 p.
|
| 500 |
|
|
|a Includes index.
|
| 650 |
|
0 |
|a Theater.
|
| 650 |
|
0 |
|a Theater
|
| 700 |
1 |
|
|a Goldfarb, Alvin.
|
| 942 |
|
|
|c BK
|
| 999 |
|
|
|c 301267
|d 301267
|
| 952 |
|
|
|0 0
|1 0
|2 ddc
|4 0
|6 792_000000000000000_WIL_TH
|7 0
|8 FORD
|9 344527
|a DRA
|b DRA
|c ST1
|d 2010-08-12
|i 169F
|l 4
|o 792 WIL/TH
|p DRA169F
|r 2021-08-11
|s 2019-02-01
|w 2010-08-12
|y BK
|